000 00712nam a2200205Ii 4500
003 JO-AjNU
008 230605s9999||||xx |||||||||||||| ||und||
017 _a23715
040 _aJO-AjNU
_bara
_erda
_cJO-AjNU
041 _aara
050 1 4 _aKRM914.5.1999
100 3 _aمراد ، عبد الفتاح,
_eauthor
_934895
245 0 0 _aالتعليق على قانون التجارة رقم 17 لسنة 1999 المعمول بة في 1999/10/1
264 3 1 _aالاسكندرية : عبد الفتاح مراد ، 1999
300 _a197ص
336 _atext
_btxt
_2rdacontent
337 _aunmediated
_bn
_2rdamedia
338 _avolume
_bnc
_2rdacarrier
650 4 _aقانون التجارة -- مصر
_934896
999 _aA14352
_c17920
_d17920